ONEMI 2011: Haciendo de gestión del riesgo un tema permanente en nuestro país

Uloženo v:
Podrobná bibliografie
Korporace: ONEMI (Autor), Oficina Nacional de Emergencia (Autor)
Médium: Kniha
Jazyk:španělština
Vydáno: Santiago ONEMI. Ministerio del Interior y Seguridad Pública 2011
Témata:
Tagy: Přidat tag
Žádné tagy, Buďte první, kdo vytvoří štítek k tomuto záznamu!

MARC

LEADER 00000cam a2200000 a 4500
001 UCF7841
003 CL-VaPUC
008 130711e20110000CL |||||||||||||||||spa|d
082 0 4 |a 363.1  |b ONE  |2 21 
110 2 |a ONEMI  |e author  |9 569949 
710 2 |a Oficina Nacional de Emergencia  |e author  |9 569950 
245 1 0 |a ONEMI 2011: Haciendo de gestión del riesgo un tema permanente en nuestro país 
300 |a 75 p 
942 |c BK 
945 |d 20130711 00:00:00  |a dcastane 
260 |a Santiago  |b ONEMI. Ministerio del Interior y Seguridad Pública  |c 2011 
650 0 |a Prevención de riesgos   |9 387495 
650 0 |a Educación cívica  |9 314665 
650 0 |a Desastres naturales  |9 269276 
583 |a last modification  |c 20130711 11:26:00  |k Rodrigo Vera 
999 |c 352594  |d 352592 
952 |0 0  |1 0  |4 0  |6 363_100000000000000_ONE_2011  |7 0  |8 A  |9 457173  |a BIBING  |b BIBING  |d 2019-11-22  |i 4987527  |o 363.1 ONE 2011  |p 4987527  |r 2025-01-20  |w 2019-11-22  |y BK  |k GEO